IAD Direct Flights - Statistics

General Stats
  • This quiz has been taken 26 times
    24 since last reset
  • The average score is 115 of 137
Answers on the Map
Answers color-coded by a green-red scale on the quiz's map according to % correct below.
 
Answer Stats
Answer % Correct
Athens
100%
Atlanta
100%
Austin
100%
Boston
100%
Cancún
100%
Chicago Midway
100%
Chicago O'Hare
100%
Dallas/Fort Worth
100%
Fort Lauderdale/Hollywood
100%
Houston
100%
Jacksonville
100%
Key West
100%
Las Vegas
100%
Los Angeles
100%
Miami
100%
Minneapolis/St. Paul
100%
Nassau
100%
Newark
100%
New Orleans
100%
New York City JFK
100%
New York City LaGuardia
100%
Orlando
100%
Portland OR
100%
San Diego
100%
San Francisco
100%
Seattle/Tacoma
100%
Tampa
100%
Toronto Pearson
100%
Addis Ababa
94%
Barcelona
94%
Brussels
94%
Buffalo/Niagara Falls
94%
Charlotte
94%
Denver
94%
Detroit
94%
Dubai
94%
Dublin
94%
Fiumicino/Rome
94%
Fort Myers
94%
Frankfurt
94%
Guarulhos/São Paulo
94%
Honolulu
94%
Istanbul
94%
Lisbon
94%
London Heathrow
94%
Mexico City
94%
Montréal/Dorval
94%
Munich
94%
Norfolk
94%
Paris
94%
Phoenix
94%
Portland ME
94%
Providence
94%
Raleigh/Durham
94%
Salt Lake City
94%
San Antonio
94%
Schiphol/Amsterdam
94%
Tokyo
94%
Vancouver
94%
Abu Dhabi
88%
Albany
88%
Amman
88%
Beijing
88%
Bogota
88%
Cairo
88%
Cape Town
88%
Casablanca
88%
Charleston
88%
Copenhagen
88%
Delhi
88%
Doha
88%
Geneva
88%
Guatemala City
88%
Hartford
88%
Incheon/Seoul
88%
Keflavík/Reykjavík
88%
Kuwait City
88%
Lagos
88%
Madrid
88%
Pittsburgh
88%
Richmond
88%
Riyadh
88%
Sacramento
88%
San José
88%
San Juan
88%
Savannah/Hilton Head
88%
St. Louis
88%
Tel Aviv-Yafo
88%
Vienna
88%
Zürich
88%
Accra
81%
Aruba
81%
Berlin
81%
Calgary
81%
Cleveland
81%
Columbus
81%
Edinburgh
81%
Jeddah
81%
London Gatwick
81%
Ottawa
81%
Panama City
81%
San Salvador
81%
Toronto Bishop
81%
Albemarle/Charlottesville
75%
Albuquerque
75%
Indianapolis
75%
Kansas City
75%
Louisville
75%
Montego Bay
75%
Nashville
75%
Northern Kentucky/Cincinnati
75%
Palm Beach
75%
Punta Cana
75%
Rochester
75%
Syracuse
75%
Burlington
69%
Dayton
69%
Grand Cayman
69%
Marrakesh
69%
Bozeman/Yellowstone
63%
Knoxville
63%
Roanoke/Blacksburg
63%
St. Thomas
63%
Lomé
56%
Myrtle Beach
56%
Sarasota
56%
Sint Maarten
56%
Bridgetown
50%
Columbia
50%
Morgantown
50%
Providenciales
50%
Huntsville
44%
Johnstown
44%
Hayden/Craig
31%
DuBois
19%
Lancaster
19%
Bradford
6%
No matching quizzes found
Score Distribution
Percent of People with Each Score
Percentile by Number Answered
Your Score History
You have not taken this quiz since the last reset